00876nam a22002531a 450000100060000000300080000600500170001400800410003103500190007204000270009104100080011808200220012624500790014826000470022730000340027450400200030865000370032865000310036570000320039670000260042894200120045499900170046695201390048328094BD-RjUL20211209051234.0140329s1952 nju 1 0 eng d a(BD-RjUL)28175 aNUNbengcNUNdBD-RjUL aeng04a335bSOC V-1 195210aSocialism and American life /ced. by D.D.Egbert and S.Persons. nVolume 1 aPrinceton, N.J. :bPrinceton U.P.,cc1952. axiv, 776 p. :bill. ;c24 cm. aIncludes index. 0aSocialismzUnited States.914132 0aSocialismxHistory.9107231 aEgbert, Donald Drew.9861281 aPersons, Stow.986129 2ddccBK c28094d28094 00102ddc40728NFICaRUCLbRUCLcReadingd1955-06-21eO. U. P.g78.12l0o335 SOC V-1 1952r2014-03-29 00:00:00tC-1w2014-03-29yBK